El Spinoza de la calle Market

Saved in:
Bibliographic Details
Main Author: Singer, Isaac Bashevis (Author)
Format: Book
Language:Spanish
Published: Barcelona Plaza & Janés 1992
Edition:1a. ed
Series:Biblioteca de Autor, 152-1
Subjects:
Tags: Add Tag
No Tags, Be the first to tag this record!

MARC

LEADER 00000nam a2200000 a 4500
001 UCK8397
003 CL-VaPUC
008 060317e19920000SP |||||||||||||||||spa|d
020 |a 8401427614 
082 0 4 |a 813  |b SIN  |2 21 
100 0 |a Singer, Isaac Bashevis  |e author  |9 498154 
245 1 3 |a El Spinoza de la calle Market 
250 |a 1a. ed 
300 |a 233 p 
942 |c BK 
945 |d 20060317 00:00:00  |a cmena 
260 |a Barcelona  |b Plaza & Janés  |c 1992 
650 0 |a Novelas estadounidenses  |9 265217 
650 0 |a Literatura estadounidense  |9 317168 
583 |a last modification  |c 20060317 00:00:00  |k Rodrigo Vera 
490 0 |a Biblioteca de Autor, 152-1 
999 |c 316049  |d 316047 
952 |0 0  |1 0  |4 0  |6 813_000000000000000_SIN_1992  |7 0  |8 A  |9 390125  |a BIBART  |b BIBART  |d 2019-11-22  |i 4203046  |o 813 SIN 1992  |p 4203046  |r 2025-03-13  |w 2019-11-22  |y BK  |k ART